Megaprojects and risk (Record no. 104516)

MARC details
000 -LEADER
fixed length control field 01173cam a2200229 4500
001 - CONTROL NUMBER
control field ##L130674
008 - FIXED-LENGTH DATA ELEMENTS--GENERAL INFORMATION
fixed length control field 050823n2005 000 0 eng u
020 ## - INTERNATIONAL STANDARD BOOK NUMBER
International Standard Book Number 0521009464
035 ## - SYSTEM CONTROL NUMBER
System control number (Sirsi) u130674
041 0# - LANGUAGE CODE
Language code of text/sound track or separate title eng
050 04 - LIBRARY OF CONGRESS CALL NUMBER
Classification number 711.7 $2 18
100 1# - MAIN ENTRY--PERSONAL NAME
Personal name Flyvbjerg, Bent
245 00 - TITLE STATEMENT
Title Megaprojects and risk
Remainder of title an anatomy of ambition
260 ## - PUBLICATION, DISTRIBUTION, ETC.
Place of publication, distribution, etc. Cambridge
Name of publisher, distributor, etc. Cambridge University Press
Date of publication, distribution, etc. 2005
300 ## - PHYSICAL DESCRIPTION
Extent ix, 207p
Other physical details graphs, tables
Dimensions 23cm
350 ## - PRICE (NR) (BK AM CF MU VM SE) [OBSOLETE]
Price 15.99
520 ## - SUMMARY, ETC.
Summary, etc. Provides a detailed examination of such major infrastructure projects as the Channel Tunnel and Great Belt link in Denmark. Explains how the promoters mislead parliaments, public and the media in order to get these projects approved and built. Demonstrates how the formula for approval consists of underestimating costs, overestimating revenues, undervaluing environmental impacts and overvaluing the effects on economic development. Also suggests practical solutions to these problems based both on theory and evidence from these projects.
690 ## - LOCAL SUBJECT ADDED ENTRY--TOPICAL TERM (OCLC, RLIN)
Topical term or geographic name as entry element PROPERTY-INFRASTRUCTURE-INFRASTRUCTURE DEVELOPMENT
700 1# - ADDED ENTRY--PERSONAL NAME
Personal name Bruzelius, Nils
700 1# - ADDED ENTRY--PERSONAL NAME
Personal name Rothengatter, Werner
942 ## - ADDED ENTRY ELEMENTS (KOHA)
Suppress in OPAC 0
Holdings
Withdrawn status Lost status Source of classification or shelving scheme Damaged status Not for loan Home library Current library Shelving location Date acquired Total Checkouts Full call number Barcode Date last seen Date last checked out Copy number Price effective from Koha item type
    Dewey Decimal Classification     London London RICS Boxes 08/12/2005 7 711.7 FLY 30071445 06/08/2019 09/07/2009 1 06/08/2019 Book